000 00742nam a2200205Ii 4500
003 JO-AjNU
008 230605s9999||||xx |||||||||||||| ||und||
017 _a2007/11/3349
040 _aJO-AjNU
_bara
_erda
_cJO-AjNU
041 _aara
050 1 4 _aBP173.751.K43 2007
100 3 _aالخياط، عبد العزيز عزت,
_eauthor
_953259
245 0 0 _aبحوث إقتصادية ج2: الصناديق الإستثمارية الإسلامية
264 3 1 _aعمان: دار المتقدمة للنشر، 2007
300 _aج2، 155ص
336 _atext
_btxt
_2rdacontent
337 _aunmediated
_bn
_2rdamedia
338 _avolume
_bnc
_2rdacarrier
650 4 _aالاقتصاد الاسلامي- سياسة اقتصادية
_953260
999 _aA23642
_c27210
_d27210